000 00739cam a22002412 4500
001 0000003674
005 20151217151928.0
008 070514s xx 000 0 eng d
020 _a0030062284 :
_cGBP 42.99
040 _aKABU
_cKABU
050 0 _aQB43.2
_b.Z45 1998
100 1 _aZeilik, Michael.
_@0000153751
245 1 0 _aIntroductory astronomy and astrophysics /
_cMichael Zeilik, Stephen A. Gregory.
250 _a4th ed.
260 _aLondon :
_bThomson Learning,
_c1998.
300 _axv, 515, [89] p.
650 0 _aAstronomy.
_@0000153749
650 0 _aAstrophysics.
_@0000153752
700 1 _aGregory, Stephen A.
_@0000153753
908 _a070514
950 _@1
999 _c6446
_d6446